Entry Personal Name
001 - CONTROL NUMBER
- control field: 3875
003 - CONTROL NUMBER IDENTIFIER
- control field: AM-YEHGA
005 - DATE AND TIME OF LATEST TRANSACTION
- control field: 20250617070447.0
008 - FIXED-LENGTH DATA ELEMENTS
- fixed length control field: 030328 a|ac|n|aab||||||||||||a |n|||||||
040 ## - CATALOGING SOURCE
- Original cataloging agency: AM-YEHGA
100 1# - HEADING--PERSONAL NAME
- Personal name: Հովհաննիսյան, Հայրապետ Հակոբի,
- Dates associated with a name: 1878-1938
400 1# - SEE FROM TRACING--PERSONAL NAME
- Personal name: Հովհաննիսյան, Հայրապետ,
- Dates associated with a name: 1878-1938
400 1# - SEE FROM TRACING--PERSONAL NAME
- Personal name: Յովհաննիսեան, Հայրապետ,
- Dates associated with a name: 1878-1938
400 1# - SEE FROM TRACING--PERSONAL NAME
- Personal name: Յովհաննիսեան, Հ.
- Fuller form of name: (Հայրապետ),
- Dates associated with a name: 1878-1938
400 1# - SEE FROM TRACING--PERSONAL NAME
- Personal name: Հովհաննիսյան, Հայր.
- Fuller form of name: (Հայրապետ),
- Dates associated with a name: 1878-1938
400 1# - SEE FROM TRACING--PERSONAL NAME
- Personal name: Հովհաննիսյան, Հ.Հ.
- Fuller form of name: (Հայրապետ Հակոբի),
- Dates associated with a name: 1878-1938
400 1# - SEE FROM TRACING--PERSONAL NAME
- Personal name: Հովհաննիսյան, Հ.
- Fuller form of name: (Հայրապետ),
- Dates associated with a name: 1878-1938
400 1# - SEE FROM TRACING--PERSONAL NAME
- Personal name: Оганесян, Айрапет Акопович,
- Dates associated with a name: 1878-1938
400 1# - SEE FROM TRACING--PERSONAL NAME
- Personal name: Hovhannikyan, Hayrapet Hakobi,
- Dates associated with a name: 1878-1938
670 ## - SOURCE DATA FOUND
- Source citation: Կենսագրական հանրագիտարան /ԵՊՀ, 2009 :
- Information found: (Հովհաննիսյան Հայրապետ Հակոբի (28.2.1878, Նախիջևան, Օդրդուբադի շրջ., գ. Հանդամեջ - 5.3.1938, Երևան), աշխարհագրագետ, պրոֆ.)
670 ## - SOURCE DATA FOUND
- Source citation: Ծրագիր աշխարհագրության :Միջնակարգ դպրոցի V-IX դասարանների համար, 1936 :
- Information found: տիտղթ. (Խմբ.՝ Հայր. Հովհաննիսյան)
670 ## - SOURCE DATA FOUND
- Source citation: Դասագիրք ընդհանուր աշխարհագրութեան :Մասն I. : I. տարի, 1903 :
- Information found: տիտղթ. (Կազմ.՝ Հ. Յովհաննիսեան)
ՀՀ Գիտությունների ազգային ակադեմիայի հիմնարար գիտական գրադարան = Fundamental Scientific Library of NAS RA
All site content, except where otherwise noted, is licensed under a